00920nam a2200217 a 4500007000300000008004100003020001500044040001200059041000800071044000800079082002300087110004000110245037000150250002200520260005700542300002300599650002200622650002900644650002200673852000700695ta191227s2001 xxu||||g ||||i00| 0 eng d a9280151061 aKObeng0 aeng axxk04223a628.168bIn8582 aInternational Maritime Organization10aGuidelines for the development of shipboard marine pollution emergency plans :bguidelines for the development of shipboard oil pollution emergency plans : resolution MEPC.54(32), as amended by resolution MEPC.86(44) and guidelines for the development of shipboard marine pollution emergency plans for oil and/or noxious liquid substances : resolution MEPC.85(44) / a2nd ed., 2001 ed. aLondon :bInternational Maritime Organization,c2001 av, 56 p. ;c24 cm. 0aMarine pollution. 0aOil pollution of the sea 0aShipsxInspection aKO